=LDR 00000nam 2200000 4500 =001 NUTBA000000000003163 =005 20140805095426.0 =006 =007 =008 =020 ##$$a 978-602-8045-31-5 =035 ##$$a 0010-081400000000007 =040 ##$$a NBPDMAT =082 ##$$a 510 =090 ##$$a 510 $b Jan g =100 ##$$a Janu Ismadi =245 ##$$a Gema matematika untuk SMP / MTS kelas VIII / Janu Ismadi ; editor, Susento =260 ##$$a Jakarta : $b Perca, $c 2012 =300 ##$$a vi, 190 hlm. : $b ilus. ; $c 29 cm. =650 ##$$a Matematika-SMP =990 ##$$a 21406877 =990 ##$$a 0001/BPAP-NTB/20142014 =990 ##$$a 0001/BPAP-NTB/20142014 =990 ##$$a 0001/BPAP-NTB/20142014 =990 ##$$a 0001/BPAP-NTB/20142014 =990 ##$$a 0001/BPAP-NTB/20142014 =990 ##$$a 0001/BPAP-NTB/20142014